Puchar Świata w rugby - 4 najlepsze pozycje - Statystyki

Ogólne statystyki
  • Ten quiz został rozwiązany 1 564 razy
  • Średni wynik to 6 z 8
Statystyki odpowiedzi
# w top 4 # Zwycięstwa Państwo % Poprawnych
6 4 Republika Południowej Afryki
93%
6 2 Australia
92%
9 3 Nowa Zelandia
90%
6 0 Francja
77%
6 1 Anglia
62%
1 0 Szkocja
57%
3 0 Walia
54%
3 0 Argentyna
45%
Nie znaleziono quizów pasujących do podanych kryteriów
Rozkład punktacji
Procent ludzi z każdym wynikiem
Percentyl według liczby udzielonych odpowiedzi
Twoja historia wyników
Nie rozwiązałeś tego quizu